000 01371nam0a2200361 4500
001 RU\NLR\bibl\420864
005 20250622173545.0
010 _a5-86050-149-8
_91000
021 _aRU
_b2003-26548
_91233
035 _a(NLR Aleph) 000414796
090 _a657708
_c657708
100 _a20030710d2002 |||y0rusy50 ca
101 0 _arus
102 _aRU
105 _ay |||||||||
200 1 _aТеория и практика структурных трансформаций экономических систем
_fГ. А. Сазонова
_gРос. акад. наук, Ин-т проблем регион. экономики
210 _aСПб.
_cМеждунар. фонд исслед. науки
_d2002
215 _a347 с.
_d20
320 _aБиблиогр.: с. 330-347
606 0 _aЭкономические системы
_xТеория
_92093998
_3RU\NLR\auth\661267154
610 0 _aПромышленные предприятия - Реструктурирование
675 _a330.342
_v3
_zrus
686 _a06
_2rugasnti
686 _a65.01
_2rubbk
686 _aУ010
686 _aУ28(0)
700 1 _aСазонова
_bГ. А.
_gГалина Александровна
_4070
801 0 _aRU
_bRKP
_c20030710
_gPSBO
801 1 _aRU
_bRKP
_c20030710
801 2 _aRU
_bNLR
_c20030905
_grcr
942 _cBOOK
980 _aNB